| 000 | 01720cam a22004694i 4500 | ||
|---|---|---|---|
| 003 | PE-LiUPU | ||
| 005 | 20250731173112.0 | ||
| 008 | 181227s2018 miu r 000 0 eng d | ||
| 020 | _a031053867X | ||
| 020 | _a9780310538677 | ||
| 035 | _a(Sirsi) a251209 | ||
| 040 |
_aPE-LiUPU _bspa _cPE-LiUPU _erda |
||
| 049 | _aPRUA | ||
| 082 | 0 | 4 |
_a253 _bF81 _223 |
| 100 | 1 |
_aFranks, Danny, _eautor. |
|
| 245 | 1 | 0 |
_aPeople are the mission : _bhow churches can welcome guests without compromising the gospel / _cDanny Franks. |
| 264 | 1 |
_aGrand Rapids : _bZondervan, _c[2018]. |
|
| 300 |
_a208 páginas ; _c21 centímetros |
||
| 336 |
_atext _2rdacontent |
||
| 337 |
_aunmediated _2rdamedia |
||
| 338 |
_avolume _2rdacarrier |
||
| 505 | 0 | _aLooking out -- The Gospel is offensive. Nothing else should be -- The sermon starts in the parking lot -- When hospitality meets hostility -- part 2: Looking in -- Beyond parking shuttles and smoke machines -- When the older brother rears his head -- It's not about you. | |
| 526 | _aSEG42 | ||
| 526 | _aSEG41 | ||
| 526 | _aSEG40 | ||
| 526 | _aSEG39 | ||
| 526 | _aP94 | ||
| 526 | _aP87 | ||
| 526 | _aP86 | ||
| 526 | _aP85 | ||
| 526 | _aP77 | ||
| 526 | _aP76 | ||
| 526 | _aP35 | ||
| 650 | 4 | _aElección de la iglesia. | |
| 650 | 4 | _aMembresía de la iglesia. | |
| 910 |
_adbm _brri _crri _d20181227 |
||
| 942 |
_2ddc _cBOOK |
||
| 994 |
_aC0 _bPEPRU |
||
| 596 | _a1 | ||
| 999 |
_a253 F81 _wDEWEY _c30633 _i79392 _f2021-11-10 _g4 _lCCODEBUL1 _mBUL _p10.79 _r0 _sY _tBOOK _u2018-12-27 _xTEOLOGIA _PP85 _0DONACION _1FCOMPR2 _o.STAFF. Colección Teología _d30633 |
||
| 980 |
_81 _gALBERTO SANCHEZ Responsable de Automatización |
||